000 00646nam a2200241Ia 4500
003 OSt
005 20220925212427.0
006 a|||||r|||| 00| 0
007 ta
008 220923b |||||||| |||| 00| 0 eng d
037 _cGeneral Book
040 _aRTL
_cRTL
_beng
041 _2eng
_aeng
082 _aX, M2
100 _aBoland Lawrence A.
_9276776
245 0 _aFoundations of economic method
260 _aLondon
_bAllen & Unwin
_c1982
300 _axiv,209p
_ccm.
500 _aBibliography: P 197-204
650 _aEconomic Theory
942 _hX, M2
_cGB
_2CC
999 _c560301
_d560301